Every NHL Best Player 2021-22 - Statistics

General Stats
  • This quiz has been taken 130 times
    109 since last reset
  • The average score is 15 of 32
Answer Stats
Team Position Player % Correct
Oilers F Connor McDavid
77%
Capitals F Alexander Ovechkin
76%
Bruins F David Pastrňák
70%
Maple Leafs F Auston Matthews
65%
Avalanche D Cale Makar
64%
Predators G Juuse Saros
64%
Panthers F Aleksander Barkov
61%
Jets G Connor Hellebuyck
61%
Rangers G Igor Shesterkin
61%
Kings F Anže Kopitar
60%
Canucks G Thatcher Demko
57%
Penguins F Jake Guentzel
56%
Wild F Kirill Kaprizov
56%
Ducks F Troy Terry
55%
Lightning F Brayden Point
54%
Stars D Miro Heiskanen
49%
Blackhawks F Alex DeBrincat
48%
Flyers F Claude Giroux
48%
Blue Jackets D Zach Werenski
48%
Red Wings D Moritz Seider
45%
Hurricanes D Jaccob Slavin
44%
Sharks F Tomáš Hertl
43%
Islanders D Adam Pelech
33%
Kraken F Jared McCann
31%
Sabres F Alex Tuch
27%
Canadiens F Tyler Toffoli
27%
Golden Knights F Max Pacioretty
26%
Devils F Jesper Bratt
25%
Senators F Josh Norris
20%
Coyotes D Shayne Gostisbehere
20%
Flames F Andrew Mangiapane
14%
Blues F Pavel Buchnevich
13%
No matching quizzes found
Score Distribution
Percent of People with Each Score
Percentile by Number Answered
Your Score History
You have not taken this quiz since the last reset